Handbook of development economics
Enregistré dans:
| Auteurs principaux: | , |
|---|---|
| Format: | Livre |
| Langue: | anglais |
| Publié: |
Amsterdam
Elsevier Science
1995
|
| Édition: | 1a. ed |
| Collection: | Handbooks in Economics, 9
|
| Sujets: | |
| Tags: |
Ajouter un tag
Pas de tags, Soyez le premier à ajouter un tag!
|
MARC
| LEADER | 00000nam a2200000 a 4500 | ||
|---|---|---|---|
| 001 | UCK3691 | ||
| 003 | CL-VaPUC | ||
| 008 | 050506e19950000NE |||||||||||||||||eng|d | ||
| 020 | |a 0444823018v.3A | ||
| 020 | |a 0444823026v.3B | ||
| 082 | 0 | 4 | |a 338.9 |b BEH |2 21 |
| 100 | 0 | |a Behrman, Jere |e author |9 491929 | |
| 700 | 0 | |a Srinivasan, T. N |e author |9 491930 | |
| 245 | 1 | 0 | |a Handbook of development economics |
| 250 | |a 1a. ed | ||
| 300 | |a v | ||
| 942 | |c BK | ||
| 945 | |d 20050506 00:00:00 |a cmena | ||
| 260 | |a Amsterdam |b Elsevier Science |c 1995 | ||
| 650 | 0 | |a Desarrollo económico |9 259599 | |
| 650 | 0 | |a Recursos humanos |9 228420 | |
| 650 | 0 | |a Modelos económicos |9 324997 | |
| 650 | 0 | |a Economía internacional |9 258254 | |
| 650 | 0 | |a Política económica |9 255029 | |
| 583 | |a last modification |c 20050506 00:00:00 |k Rodrigo Vera | ||
| 490 | 0 | |a Handbooks in Economics, 9 | |
| 999 | |c 312809 |d 312807 | ||
| 952 | |0 0 |1 0 |4 0 |6 338_900000000000000_BEH_1995 |7 0 |8 A |9 383643 |a BIBENE |b BIBENE |d 2019-11-21 |h v.3A |i 4122887 |o 338.9 BEH 1995 |p 4122887 |r 2025-01-15 |w 2019-11-21 |y BK |k ICO | ||
| 952 | |0 0 |1 0 |4 0 |6 338_900000000000000_BEH_1995 |7 0 |8 A |9 383644 |a BIBENE |b BIBENE |d 2019-11-21 |h v.3B |i 4122895 |o 338.9 BEH 1995 |p 4122895 |r 2025-01-15 |w 2019-11-21 |y BK |k ICO | ||